Top 10 du Tour de Lombardie de 2010-2019 - Statistiques

Statistiques générales
  • Ce quiz a été pris 18 fois
  • Le résultat moyen est 60 sur 100
Statistiques - réponses
Année Classement Cycliste Team Nationalité % Correct
2 Dan Martin Garmin-Cervelo Irlande
100%
4 Dan Martin Garmin-Sharp Irlande
100%
2014 1 Dan Martin Garmin-Sharp Irlande
100%
9 Dan Martin UAE Team Emirates Irlande
100%
2 Julian Alaphilippe Quick-Step Floors France
100%
9 Nairo Quintana Movistar Team Colombie
100%
7 Primoz Roglic Jumbo-Visma Slovénie
100%
3 Thibaut Pinot FDJ France
100%
5 Thibaut Pinot FDJ France
100%
2018 1 Thibaut Pinot Groupama-FDJ France
100%
2 Alejandro Valverde Movistar Team Espagne
94%
2 Alejandro Valverde Movistar Team Espagne
94%
4 Alejandro Valverde Movistar Team Espagne
94%
6 Alejandro Valverde Movistar Team Espagne
94%
2 Alejandro Valverde Movistar Espagne
94%
3 Egan Bernal Team Ineos Colombie
94%
4 Jakob Fuglsang Team Saxo Bank-Tinkoff Bank Danemark
94%
4 Jakob Fuglsang Astana Pro Team Danemark
94%
4 Romain Bardet AG2R La Mondiale France
94%
5 Vincenzo Nibali Liquigas-Doimo Italie
94%
2015 1 Vincenzo Nibali Astana Pro Team Italie
94%
2017 1 Vincenzo Nibali Bahrain-Merida Italie
94%
2 Vincenzo Nibali Bahrain-Merida Italie
94%
7 Bauke Mollema Rabobank Pays-Bas
88%
2019 1 Bauke Mollema Trek-Segafredo Pays-Bas
88%
9 Fabio Aru Astana-Premier Tech Italie
88%
7 Fabio Aru Astana Pro Team Italie
88%
3 Joaquim Rodriguez Katusha-Alpecin Espagne
88%
2012 1 Joaquim Rodriguez Katusha-Alpecin Espagne
88%
2013 1 Joaquim Rodriguez Katusha-Alpecin Espagne
88%
8 Joaquim Rodriguez Katusha-Alpecin Espagne
88%
2010 1 Philippe Gilbert Omega Pharma-Lotto Belgique
88%
8 Philippe Gilbert Omega Pharma-Lotto Belgique
88%
7 Philippe Gilbert BMC Racing Team Belgique
88%
5 Michael Woods EF Pro Cycling Canada
82%
3 Rafal Majka Team Saxo Bank-Tinkoff Bank Pologne
82%
7 Rafal Majka Bora-Hansgrohe Pologne
82%
9 Alberto Contador Team Saxo Bank-Tinkoff Bank Espagne
76%
6 Domenico Pozzovivo Colnago-CSF Italie
76%
6 Domenico Pozzovivo AG2R La Mondiale Italie
76%
8 Domenico Pozzovivo Bahrain-Merida Italie
76%
3 Rigoberto Uran Team Sky Colombie
76%
3 Rigoberto Uran Cannondale-Drapac Colombie
76%
4 Rigoberto Uran EF Pro Cycling Colombie
76%
3 Rui Costa Lampre-Merida Portugal
76%
7 Tony Gallopin Lotto-Soudal France
76%
2016 1 Esteban Chaves Orica-Scott Colombie
71%
8 Estevan Chaves Orica-Scott Colombie
71%
6 Samuel Sanchez Euskaltel-Euskadi Espagne
71%
2 Samuel Sanchez Euskaltel-Euskadi Espagne
71%
5 Samuel Sanchez BMC Racing Team Espagne
71%
8 Warren Barguil Giant-Alpecin France
71%
8 Emanuel Buchmann Bora-Hansgrohe Allemagne
65%
10 George Bennett Lotto.nl-Jumbo Nouvelle-Zélande
65%
10 Robert Gesink Belkin Pays-Bas
65%
7 Robert Gesink Lotto.nl-Jumbo Pays-Bas
65%
5 Sergio Henao Team Sky Colombie
65%
9 Sergio Henao Team Sky Colombie
65%
4 Ivan Basso Liquigas-Cannondale Italie
59%
7 Mikel Nieve Euskaltel-Euskadi Espagne
59%
6 Mikel Nieve Team Sky Espagne
59%
8 Mikel Nieve Team Sky Espagne
59%
6 Ryder Hesjedal Garmin-Sharp Canada
59%
9 Giampaolo Caruso Katusha-Alpecin Italie
53%
10 Rudy Molard Groupama-FDJ France
53%
4 Alexis Vuillermoz AG2R La Mondiale France
35%
6 Daniel Moreno Katusha-Alpecin Espagne
35%
2 Daniel Moreno Katusha-Alpecin Espagne
35%
5 Diego Rosa Astana Pro Team Italie
35%
2 Diego Rosa Astana Pro Team Italie
35%
6 Michael Albasini Orica-Scott Suisse
35%
2 Michele Scarponi Androni Giocattoli Italie
35%
4 Tim Wellens Lotto-Belisol Belgique
35%
5 Tim Wellens Lotto-Soudal Belgique
35%
3 Dylan Teuns BMC Racing Team Belgique
29%
6 Ion Izagirre Bahrain-Merida Espagne
29%
3 Gianni Moscon Team Sky Italie
24%
6 Jack Haig Mitchelton-Scott Australie
24%
2011 1 Oliver Zaugg Team Leopard-Trek Suisse
24%
8 Oliver Zaugg Radioshack-Nissan Suisse
24%
10 Pierre Latour AG2R La Mondiale France
24%
9 Pierre Latour AG2R La Mondiale France
24%
5 Przemyslav Niemec Lampre-ISD Pologne
24%
10 Rinaldo Nocentini AG2R La Mondiale Italie
24%
10 Fredrik Kessiakoff Astana-Premier Tech Suède
18%
8 Mauro Santambrogio BMC Racing Team Italie
18%
4 Mauro Santambrogio BMC Racing Team Italie
18%
9 Alessandro De Marchi BMC Racing Team Italie
12%
9 Carlos Betancur Acqua e Sapone Colombie
12%
7 Giovanni Visconti Farnese Vini - Neri Sottoli Italie
12%
5 Davide Villella Cannondale-Drapac Italie
6%
5 Enrico Gasparotto Astana-Premier Tech Suisse
6%
8 Franco Pellizotti Androni Giocattoli Italie
6%
10 Gianluca Brambilla Etixx-Quick Step Italie
6%
9 Ivan Santaromita BMC Racing Team Italie
6%
3 Pablo Lastras Caisse d'Epargne Espagne
6%
10 Vladimir Gusev Katusha-Alpecin Russie
6%
7 Pieter Serry Omega Pharma-Quick Step Belgique
0%
10 Riccardo Chiarini Androni Giocattoli Italie
0%
10 Sergey Chernetsky Astana Pro Team Russie
0%
Aucun quiz correspondant
Distribution des résultats
% des personnes avec chaque résultat
Percentile par nombre de réponses
Votre historique - résultats
Vous n’avez pas pris ce quiz